00491nam a2200157Ia 4500008004100000020001400041082001400055100006500069245005000134250000800184260005500192300002300247500001900270600003300289650001100322240925s9999 xx 000 0 und d a534346898 a174.2 COR aCorey, Gerald ; Corey, Marianne Schneider; Callanan, Patrick 0aIssues and Ethics: In the helping professions a5th aCalifornia:bBrooks/Cole Cengagae Learningc,1998. a533p.b0fOriginal aIncludes Index aHumanities & Natural Science aEthics